000
00305nam a22001337a 4500
008
190306b xxu||||| |||| 00| 0 eng d
020
_a
9781437718997
041
_a
eng
080
_2
9th
_a
610
100
_a
4
101
_a
SHM
245
_a
Cecil Essentials of Medicine
_c
Benjamin, E.J
942
_2
udc
_c
BK
999
_c
54617
_d
54617